000 00499nam a2200169 i 4500
001 33373
003 ES-MaACL
005 20230906154738.0
007 t|
008 030202s1977 sp ||||1| spa d
100 1 _aBildstein, Paul.
_928875
245 1 0 _aFiltros activos /
_cPaul Bildstein ; traducido por Pedro Rojo Olea.
260 _aMadrid, etc. :
_bParaninfo, etc.,
_c1977.
300 _a292 p. :
_bil. ;
_c22 cm.
700 1 _aRojo Olea, Pedro.
_999109
852 _aES-MaACL
_jA-7589
_bR.96563
999 _c33373
_d33373